| 000 | 00372nam a2200109Ia 4500 | ||
|---|---|---|---|
| 008 | 171204s9999 xx 000 0 und d | ||
| 245 | _aWhen Organization Fails: Why Authority Matters | ||
| 245 | _cElizabeth J. Van Every and James R. Taylor | ||
| 260 | _c2014 | ||
| 650 | _xHUMAN BEHAVIOR IN ORGANIZATION WITH ETHICS | ||
| 856 | _uhttp://down.ebook777.com/056/041574167X.pdf | ||
| 999 |
_c346993 _d346993 |
||